Identifikácia používateľa pomocou 3D tváre

Salvato in:
Dettagli Bibliografici
Autore principale: Prokša, Vincent (Autore)
Altri autori: Rozinaj, Gregor (Relatore della tesi)
Natura: Manoscritto Libro
Lingua:slovacco
Pubblicazione: 2015
Soggetti:
Accesso online:http://is.stuba.sk/zp/portal_zp.pl?podrobnosti=111882
Tags: Aggiungi Tag
Nessun Tag, puoi essere il primo ad aggiungerne!!

MARC

LEADER 00000ntm a22000003a 4500
001 stuzp47860
003 SK-STU
005 20160719153201.2
007 ta
008 150427s2015----xo-----f-mn---000-0-slo-d
040 |a STU  |b slo 
041 0 |a slo 
100 1 |a Prokša, Vincent  |u 037000  |4 aut  |U FEI Fakulta elektrotechniky a informatiky  |T FEI Ústav telekomunikácií  |X 64664  |U E070  |Y 818  |7 A000064664 
242 0 1 |a User identification using 3D face  |y eng 
245 1 0 |a Identifikácia používateľa pomocou 3D tváre 
260 |c 2015 
300 |a 61 s. 
650 4 |a 3D model tváre  |2 slo 
650 4 |a identifikácia používateľa  |2 slo 
650 4 |a Kinect  |2 slo 
650 4 |a Kinect  |2 eng 
650 4 |a 3D facial model  |2 eng 
650 4 |a user identification  |2 eng 
700 1 |a Rozinaj, Gregor  |4 ths  |X 1945  |7 A000001945 
856 4 |u http://is.stuba.sk/zp/portal_zp.pl?podrobnosti=111882 
996 |b 284EP11273  |c E*DIPL- 11273  |l EE37  |s P  |a 0  |w stuzp47860_0001 
SQL |a stuzp47860  |b DDP  |c SLO  |d Identifikácia používateľa pomocou 3D tváre  |e 64664  |f Prokša, Vincent  |g 037000  |h 1945  |i Rozinaj, Gregor  |j 20150616  |k 86  |l 03  |m http://is.stuba.sk/zp/portal_zp.pl?podrobnosti=111882  |n I-TLK  |o 5.2.15. telekomunikácie